Statistics for Name That Band 2

Click here to take the quiz!

General Stats

  • This quiz has been taken 841 times
    (839 since last reset)
  • The average score is 13 of 25

Answer Stats

Hint Answer % Correct
Billie Jean; Bad; Beat itMichael Jackson
95%
Dream On; Sweet Emotion; I Don’t Wanna Miss A ThingAerosmith
89%
Fix You; Clocks; YellowColdPlay
79%
Smoke on the Water; Child in Time; Soldier of FortuneDeep Purple
77%
Good Riddance; Minority; Basket CaseGreen Day
76%
Every Rose Has Its Thorn; Nothing But A Good Time; Talk Dirty To MePoison
66%
Bark at the Moon; Suicide Solution; Crazy TrainOzzy Osbourne
66%
Carry On My Wayward Son; Dust in the Wind; Point of Know ReturnKansas
65%
Holy Diver; Rainbow in the Dark; Last in LineDio
60%
Sabotage; Brass Monkey; GirlsBeastie Boys
57%
Crazy On You; Barracuda; AloneHeart
56%
American Pie; Vincent; And I Love You SoDon McLean
53%
Ace of Spades; Killed by Death; The GameMotorhead
52%
Aerials; Chop Suey; Deer DanceSystem of a Down
51%
Roadhouse Blues; Soul Kitchen; People Are StrangeThe Doors
49%
Kickstart My Heart; Shout at the Devil; Dr. FeelgoodMotley Crue
48%
1979; Cherub Rock; Tonight, TonightSmashing Pumpkins
48%
Renegade, Come Sail Away; Mr. RobotoStyx
43%
Down with the Sickness; Remember; StupifyDisturbed
36%
Know Your Enemy; Bullet in the Head; Renegades of FunkRage Against the Machine
35%
What I Got; Santeria; Caress Me DownSublime
34%
Lean On Me; My Girl; I Wish It Would RainThe Temptations
34%
Plush; Creep; Interstate Love SongStone Temple Pilots
33%
More Than Words; Play With Me; Hole HeartedExtreme
31%
Do You Realize?; Yoshimi Battles the Pink Robots pt 1; Fight TestThe Flaming Lips
15%

Score Distribution

Percentile by Number Answered

Percent of People with Each Score

Your Score History

You have not taken this quiz since the last reset